China or Japan? - Statistics

General Stats
  • This quiz has been taken 122 times
  • The average score is 14 of 20
Answer Stats
Question Answer % Correct
Gun Powder China
100%
PlayStation Japan
100%
Karaoke Japan
100%
Karate Japan
100%
Anime Japan
100%
Acupuncture China
91%
Printing China
82%
Paper Currency China
82%
Chopsticks China
82%
Wooden Coffins China
73%
Incense China
73%
Dominoes China
73%
Kite China
64%
General Anesthesia Japan
64%
Bristle Toothbrush China
55%
Instant Noodles Japan
55%
Methamphetamine Japan
36%
Rickshaw Japan
27%
Folding Hand Fan Japan
18%
Fortune Cookie Japan
0%
No matching quizzes found
Score Distribution
Percent of People with Each Score
Percentile by Number Answered
Your Score History
You have not taken this quiz